| 000 | 01034nam a2200337Ia 4500 | ||
|---|---|---|---|
| 003 | OSt | ||
| 005 | 20220912145239.0 | ||
| 006 | a|||||r|||| 00| 0 | ||
| 007 | ta | ||
| 008 | 220909b |||||||| |||| 00| 0 eng d | ||
| 020 | _a9780070601659 (pbk) | ||
| 024 | _a82729 | ||
| 037 | _b1427, 07/07/2008, New India Book Agency | ||
| 037 | _cTextual | ||
| 040 |
_aCSL _beng _cCSL |
||
| 041 | _aeng | ||
| 082 | _aD65,8(B44), M6 | ||
| 100 | _aXiang Zhigang | ||
| 245 | 0 | _aComputer graphics | |
| 250 | _a2 | ||
| 260 |
_aNew Delhi _bTata McGraw-Hill Publishing Company Limited _c1986 |
||
| 300 |
_axvi, 407p. _ccm. |
||
| 490 | _aSchaum's outlines | ||
| 500 | _aAppendix 1-3, 340-399p.; Index 400-407p. | ||
| 650 | _a Computer graphics | ||
| 650 | _aComputer science | ||
| 700 | _a Plastock Roy A | ||
| 942 |
_hD65,8(B44), M6 _cTEXL _2CC |
||
| 999 |
_c26874 _d26874 |
||